000
00272nam a2200109Ia 4500
008
230312s9999||||xx |||||||||||||| ||und||
082
_a
759.95491
_b
TSE-T
100
_a
Tseng:alice y.
245
4
_a
The imperial museums of meiji japan
650
_a
Architecture
942
_c
BK
999
_c
14511
_d
14511